000 00688nam a2200229 a 4500
999 _c9173
_d9173
003 PK-NaQUE
005 20250107101941.0
008 250107b ||||| |||| 00| 0 eng d
020 _a007765711X (paperback)
020 _a9780077657116 (paperback)
040 _cQUEST
100 1 _aHoffmann, Laurence.
245 1 0 _aCalculus for Business, Economics, and the Social and Life Sciences
250 _a11th Edition
260 _a[S.l.] :
_bMcGraw Hill Learning Solutions,
_c2013.
300 _a800 p. ;
700 _aBradley, Gerald L.
700 _aSobecki, David
700 _aPrice, Michael
856 4 0 _uhttp://10.10.170.122:8080/browse/book/26219
_yeBook
942 _cBK
_2ddc